|
|
|
|
| LEADER |
00000cac a2200000 a 4500 |
| 001 |
4032-51 |
| 003 |
Ucuenca |
| 005 |
20230308205606.0 |
| 008 |
000000|1860 sp |||||r|||||||||||spa|| |
| 040 |
|
|
|b spa
|
| 041 |
0 |
|
|a spa
|
| 082 |
0 |
|
|a 808
|
| 100 |
1 |
|
|a De Gayangos, Pascual.
|9 195779
|
| 245 |
|
|
|a Escritores en prosa anteriores al siglo XV
|c Recogidos por Pascual de Gayangos
|h imp
|
| 264 |
|
|
|a Madrid
|b M. Rivadeneyra Impresor Editor
|c 1860
|
| 300 |
|
|
|a xxii; 606 páginas:
|c 26 cm
|
| 490 |
|
|
|a Biblioteca de Autores Españoles
|n no. 51
|
| 500 |
|
|
|a Vitrina tercer piso
|
| 504 |
|
|
|a incl. ref.
|
| 650 |
|
0 |
|a Prosa española
|9 5958
|
| 852 |
|
|
|a UC-CDJBV
|f Compra
|l 1
|m Limitada
|p 00000000
|q 20,00
|t 4032-51
|b 1
|d CDRC
|e CDRC
|g 808 TERCER PISO
|z 0000-00-00
|
| 942 |
|
|
|c CR
|
| 999 |
|
|
|c 112025
|d 112025
|